000 00920nam a22003017a 4500
003 CHAP
005 20220817043100.0
008 971010s1959 r 00010 d
010 _a65011
011 _a65983
035 _a73669
040 _cCHAP
082 0 4 _a972
_bL6
100 0 0 _aLópez Rosado, Diego G.
_968312
245 1 _aHistoria de México
_b: perspectiva gráfica
260 _aMéxico, D. F. :
_b[UNAM],
_c1959
300 _a63 p.
_b: ilus.
590 _aBATCH-UPD
_b10
_c20130110
_lUCH01
_h0019
590 _aBATCH-UPD
_b10
_c20130110
_lUCH01
_h1849
590 _aBATCH-UPD
_b10
_c20130409
_lUCH01
_h1957
590 _aBATCH-UPD
_b10
_c20130410
_lUCH01
_h1219
590 _aBATCH-UPD
_b10
_c20130914
_lUCH01
_h1733
590 _aCONVERSION
_b10
_c20130109
_lUCH01
_h1335
650 1 4 _aMéxico
_xHistoria.
901 _aBK
942 _cLIBRO
949 _a972 L6
_bBC
_cLIBRO
_d33724000666780
_eLIBRO
_i73669
_si
_t40.00
999 _c65011
_d65011